Committee's report and balance sheet for the year 1907-8 to June 30th, 1907 (Record no. 99780)

MARC details
000 -LEADER
fixed length control field 00545cam a22001815a 4500
001 - CONTROL NUMBER
control field ##J100723
008 - FIXED-LENGTH DATA ELEMENTS--GENERAL INFORMATION
fixed length control field 000000s1908 000 0 eng u
035 ## - SYSTEM CONTROL NUMBER
System control number (Sirsi) u100723
041 0# - LANGUAGE CODE
Language code of text/sound track or separate title eng
050 04 - LIBRARY OF CONGRESS CALL NUMBER
Classification number 333.062 $2 18
110 2# - MAIN ENTRY--CORPORATE NAME
Corporate name or jurisdiction name as entry element Surveyors' Institution
Subordinate unit Incorporated Benevolent Fund
9 (RLIN) 4853
245 00 - TITLE STATEMENT
Title Committee's report and balance sheet for the year 1907-8 to June 30th, 1907
260 ## - PUBLICATION, DISTRIBUTION, ETC.
Place of publication, distribution, etc. [S.l.]
Name of publisher, distributor, etc. [s.n.]
Date of publication, distribution, etc. 1908
300 ## - PHYSICAL DESCRIPTION
Extent 11p.
Dimensions 22cm.
651 #4 - SUBJECT ADDED ENTRY--GEOGRAPHIC NAME
Geographic name Great Britain
Chronological subdivision 1707-
690 ## - LOCAL SUBJECT ADDED ENTRY--TOPICAL TERM (OCLC, RLIN)
Topical term or geographic name as entry element ABOUT RICS-RICS ANNUAL REPORT
942 ## - ADDED ENTRY ELEMENTS (KOHA)
Suppress in OPAC 0
Holdings
Withdrawn status Lost status Source of classification or shelving scheme Damaged status Not for loan Home library Current library Shelving location Date acquired Total Checkouts Full call number Barcode Date last seen Copy number Price effective from Koha item type
    Dewey Decimal Classification     Historic collection Historic collection RICS Boxes 22/10/1999   RICS 1908/2 30059306 06/08/2019 1 06/08/2019 Archive